| 000 | 00531nam a22001817a 4500 | ||
|---|---|---|---|
| 005 | 20251108165941.0 | ||
| 008 | 250721s1979 xx 000 0 ara d | ||
| 082 | 1 | 4 | _aط/415/واص |
| 100 | 1 | _aالفاخوري، واصف | |
| 245 | 1 | 0 | _aفن القواعد العربية للاطفال / |
| 264 | 1 |
_aبيروت : _bدار الافاق الجديدة، _c1979. |
|
| 300 | _a48ص | ||
| 490 | 0 | _aمصورة بالالوان | |
| 650 | 1 | 7 | _aلغة عربية |
| 650 | 1 | 7 | _aنحو وصرف |
| 942 |
_2ddc _cBK |
||
| 999 |
_c35661 _d35661 |
||